<?xml version="1.0" encoding="UTF-8"?>
<record
    xmlns:xsi="http://www.w3.org/2001/XMLSchema-instance"
    xsi:schemaLocation="http://www.loc.gov/MARC21/slim http://www.loc.gov/standards/marcxml/schema/MARC21slim.xsd"
    xmlns="http://www.loc.gov/MARC21/slim">

  <leader>00374nam a2200133Ia 4500</leader>
  <controlfield tag="005">20260328101514.0</controlfield>
  <controlfield tag="008">260328s9999||||xx |||||||||||||| ||und||</controlfield>
  <datafield tag="100" ind1=" " ind2=" ">
    <subfield code="a">Elordi, Carlos</subfield>
  </datafield>
  <datafield tag="245" ind1=" " ind2="0">
    <subfield code="a">Metodolog&#xED;a de la Planificaci&#xF3;n :</subfield>
    <subfield code="b"> Aportaciones sovi&#xC9;ticas  1924 - 1930 /</subfield>
    <subfield code="c">Carlos Elordi</subfield>
  </datafield>
  <datafield tag="260" ind1=" " ind2=" ">
    <subfield code="b">Alberto Coraz&#xF3;n</subfield>
  </datafield>
  <datafield tag="300" ind1=" " ind2=" ">
    <subfield code="a">295 p.</subfield>
  </datafield>
  <datafield tag="650" ind1=" " ind2=" ">
    <subfield code="a">TEOR&#xCD;A</subfield>
  </datafield>
  <datafield tag="942" ind1=" " ind2=" ">
    <subfield code="c">BK</subfield>
  </datafield>
  <datafield tag="999" ind1=" " ind2=" ">
    <subfield code="c">9290</subfield>
    <subfield code="d">9290</subfield>
  </datafield>
  <datafield tag="952" ind1=" " ind2=" ">
    <subfield code="0">0</subfield>
    <subfield code="1">0</subfield>
    <subfield code="4">0</subfield>
    <subfield code="7">0</subfield>
    <subfield code="8">GEN</subfield>
    <subfield code="a">GPC</subfield>
    <subfield code="b">GPC</subfield>
    <subfield code="c">GEN</subfield>
    <subfield code="d">2026-03-28</subfield>
    <subfield code="i">3129</subfield>
    <subfield code="l">0</subfield>
    <subfield code="o">927 El 68</subfield>
    <subfield code="p">3129</subfield>
    <subfield code="r">2026-03-28 15:15:14</subfield>
    <subfield code="t">1</subfield>
    <subfield code="w">2026-03-28</subfield>
    <subfield code="y">BK</subfield>
  </datafield>
</record>
